Online
Catalog

Posibilidades de dominicanización de la zafra azucarera / (Record no. 15491)

MARC details
000 -CABECERA
campo de control de longitud fija 01091nam a2200241 a 4500
001 - NÚMERO DE CONTROL
campo de control 000015949
003 - IDENTIFICADOR DEL NÚMERO DE CONTROL
campo de control OSt
005 - FECHA Y HORA DE LA ÚLTIMA TRANSACCIÓN
campo de control 20260305073950.0
008 - DATOS DE LONGITUD FIJA--INFORMACIÓN GENERAL
campo de control de longitud fija 100222s1988 dr 001 0 spa d
040 ## - FUENTE DE LA CATALOGACIÓN
Centro catalogador/agencia de origen DO-SdBNP
Lengua de catalogación spa
Centro/agencia transcriptor BNPHU
082 #4 - NÚMERO DE LA CLASIFICACIÓN DECIMAL DEWEY
Número de clasificación 633.61097293
Número de documento/Ítem P855d
Número de edición 22
245 00 - MENCIÓN DE TÍTULO
Título Posibilidades de dominicanización de la zafra azucarera /
Mención de responsabilidad, etc. editor Frank Moya Pons.
260 ## - PUBLICACIÓN, DISTRIBUCIÓN, ETC.
Lugar de publicación, distribución, etc. Santo Domingo :
Nombre del editor, distribuidor, etc. Amigo del Hogar,
Fecha de publicación, distribución, etc. 1988.
300 ## - DESCRIPCIÓN FÍSICA
Extensión 125 p. ;
Dimensiones 22 cm.
490 1# - MENCIÓN DE SERIE
Mención de serie Fórum
Designación de volumen o secuencia 31
500 ## - NOTA GENERAL
Nota general Este libro recoge las exposiciones que fueron presentadas en el encuentro sobre las posibilidades de dominicanización de la zafra azucarera, celebrado por FORUM en el Hotel Santo Domingo Sur, el 21 se mayo de 1987.
505 2# - NOTA DE CONTENIDO CON FORMATO
Nota de contenido con formato Expositores : Fernando J. Ferrán / Antropología social -- Calos Dore Cabral / Sociólogo rural -- Santiago Moquete / Ingeriniero agrónomo.
650 #4 - PUNTO DE ACCESO ADICIONAL DE MATERIA--TÉRMINO DE MATERIA
Término de materia o nombre geográfico como elemento de entrada Caña de azúcar
Subdivisión general Cultivo
Subdivisión geográfica República Dominicana
9 (RLIN) 77642
700 1# - PUNTO DE ACCESO ADICIONAL--NOMBRE DE PERSONA
Nombre de persona Moya Pons, Frank,
Fechas asociadas al nombre 1944-
Término indicativo de función/relación ed.
9 (RLIN) 2095
830 #0 - PUNTO DE ACCESO ADICIONAL DE SERIE-TÍTULO UNIFORME
Título uniforme Fórum
Designación de volumen o secuencia 31
9 (RLIN) 7075
910 ## - DATOS DE OPCIÓN DEL USUARIO (OCLC)
Datos de opción del usuario Validado. Control de calidad MFF
942 ## - ELEMENTOS DE PUNTO DE ACCESO ADICIONAL (KOHA)
Fuente del sistema de clasificación o colocación Dewey Decimal Classification
Tipo de ítem Koha Libro
Holdings
Estado de retiro Estado de pérdida Fuente del sistema de clasificación o colocación Restricciones de uso No para préstamo Código de colección Localización permanente Ubicación/localización actual Ubicación en estantería Fecha de adquisición Número de inventario Total de préstamos Signatura topográfica completa Código de barras Fecha visto por última vez Precio válido a partir de Tipo de ítem Koha Número de copia Nota pública
    Dewey Decimal Classification Excluido de préstamo Excluido de préstamo Patrimonio Dominicano Biblioteca Nacional Pedro Henríquez Ureña Patrimonio Dominicano En catalogación 22.02.2010 LF1   BNPHU PD 633.61097293 P855d 15949-10 25.06.2020 25.06.2020 Libro y Folleto Colección Patrimonio Dominicano    
    Dewey Decimal Classification Excluido de préstamo Préstamo restrigido Patrimonio Dominicano Biblioteca Nacional Pedro Henríquez Ureña Patrimonio Dominicano Depósito 22.02.2010 LF1   BNPHU PD 633.61097293 P855d 15949-20 25.06.2020 25.06.2020 Libro y Folleto Colección Patrimonio Dominicano e. 2 Inventariado, 2020/VM/Validado. Control de calidad MFF

Powered by Koha